[Event "Open SSC Rostock 07"]
[Site "Rostock"]
[Date "2008.08.31"]
[Round "7.7"]
[White "Friedrich, Paul Robert"]
[Black "Kliewe, Hans Juergen"]
[Result "1-0"]
[WhiteElo "2043"]
[BlackElo "2192"]
[PlyCount "99"]
[EventDate "2008.08.28"]
[EventType "swiss"]
[EventRounds "7"]
[EventCountry "GER"]
[Source "Th.Schwetlick"]
[SourceDate "2008.08.28"]
[WhiteTeam "SC Neukloster"]
[BlackTeam "ASV Gruen-Weiss Wismar"]

1. d4 d5 2. Bf4 c6 3. e3 Qb6 4. Bd3 Nf6 5. Ne2 e6 6. O-O Nbd7 7. Nd2 Qxb2 8. c4
Qa3 9. Qc2 Be7 10. Bc7 Bd8 11. Bg3 Qe7 12. Nc3 Ba5 13. e4 Bxc3 14. Qxc3 dxe4
15. Bxe4 Nh5 16. d5 cxd5 17. cxd5 Qf6 18. Qb4 a5 19. Qa3 Nxg3 20. hxg3 Qd4 21.
dxe6 fxe6 22. Rad1 Qb4 23. Qd3 Nf6 24. Rb1 Qe7 25. Bxb7 Bxb7 26. Qb5+ Kf7 27.
Qxb7 Rhe8 28. Rfc1 Nd5 29. Ne4 Kg8 30. Qxe7 Rxe7 31. Rb5 Nf6 32. Nd6 Rd7 33.
Rxa5 Rb8 34. Nb5 Rd2 35. a4 Ne4 36. Ra7 Nf6 37. f3 Nd5 38. Rd7 h6 39. Re1 Rb6
40. Kh2 Ra2 41. Re4 Nf6 42. Rd8+ Kf7 43. Rc4 Nd5 44. Rd7+ Kf6 45. Nd6 Rbb2 46.
Ne8+ Kf5 47. g4+ Kg5 48. Rxg7+ Kh4 49. g5+ Kh5 50. Nf6+ 1-0

[Event "Open SSC Rostock 07"]
[Site "Rostock"]
[Date "2008.08.31"]
[Round "7.8"]
[White "Zimmermann, Ulrich"]
[Black "Hanisch, Sebastian"]
[Result "0-1"]
[WhiteElo "1818"]
[BlackElo "2109"]
[PlyCount "72"]
[EventDate "2008.08.28"]
[EventType "swiss"]
[EventRounds "7"]
[EventCountry "GER"]
[Source "Th.Schwetlick"]
[SourceDate "2008.08.28"]
[WhiteTeam "SK Bebenhausen 1992"]
[BlackTeam "SF Schwerin"]

1. e4 c5 2. c3 d5 3. exd5 Qxd5 4. d4 cxd4 5. cxd4 Nc6 6. Nf3 Bg4 7. Be2 e6 8.
Nc3 Qd7 9. Be3 Nf6 10. O-O Bd6 11. h3 Bh5 12. a3 Rc8 13. Re1 O-O 14. Qd2 Rfd8
15. Rad1 Bb8 16. Nh2 Qc7 17. g3 Bg6 18. Ng4 Nh5 19. Nb5 Qe7 20. Bf3 a6 21. Nc3
Qc7 22. Qe2 Bf5 23. d5 Ne7 24. dxe6 Bxe6 25. Bg2 Kh8 26. Nh6 Nxg3 27. Nxf7+
Bxf7 28. fxg3 Rxd1 29. Rxd1 Qxg3 30. Qf2 Qh2+ 31. Kf1 Bc4+ 32. Ne2 Ng6 33. Bxb7
Rf8 34. Bf3 Qxh3+ 35. Kg1 Rxf3 36. Rd8+ Bg8 0-1

[Event "Open SSC Rostock 07"]
[Site "Rostock"]
[Date "2008.08.31"]
[Round "7.9"]
[White "Wilting, Alexander"]
[Black "Krueger, Alexander"]
[Result "1/2-1/2"]
[WhiteElo "1903"]
[BlackElo "2055"]
[PlyCount "84"]
[EventDate "2008.08.28"]
[EventType "swiss"]
[EventRounds "7"]
[EventCountry "GER"]
[Source "Th.Schwetlick"]
[SourceDate "2008.08.28"]
[WhiteTeam "ESV Rot-Weiss Goettingen"]
[BlackTeam "SF Ostsee Warnemuende"]

1. e4 d5 2. exd5 Qxd5 3. Nc3 Qa5 4. Nf3 Nf6 5. d4 c6 6. h3 Bf5 7. g4 Bg6 8. Bd2
Qc7 9. Ne5 Nbd7 10. Bf4 Qa5 11. Nxg6 hxg6 12. Qd2 e6 13. Bg2 Nd5 14. Nxd5 Qxd2+
15. Kxd2 cxd5 16. c4 Bb4+ 17. Kd3 Nb6 18. c5 Nc8 19. a3 Ba5 20. b4 Bd8 21. Rac1
a6 22. Rhe1 Kd7 23. Re2 Ne7 24. a4 Nc6 25. Rb2 b5 26. cxb6 Bxb6 27. Be3 Rhc8
28. f4 a5 29. bxa5 Bxa5 30. Rb7+ Rc7 31. Rcb1 Rxb7 32. Rxb7+ Bc7 33. f5 Rxa4
34. fxe6+ fxe6 35. Bf1 Na5 36. Ra7 Ra3+ 37. Ke2 Nc4 38. Rxa3 Nxa3 39. Kf3 e5
40. dxe5 Bxe5 41. Bd3 Nc4 42. Bxg6 Nxe3 1/2-1/2

[Event "Open SSC Rostock 07"]
[Site "Rostock"]
[Date "2008.08.31"]
[Round "7.10"]
[White "Moeller, Stefan"]
[Black "Huhnstock, Rico"]
[Result "0-1"]
[WhiteElo "1684"]
[BlackElo "1885"]
[PlyCount "118"]
[EventDate "2008.08.28"]
[EventType "swiss"]
[EventRounds "7"]
[EventCountry "GER"]
[Source "Th.Schwetlick"]
[SourceDate "2008.08.28"]
[WhiteTeam "HSG Uni Rostock"]
[BlackTeam "Segeberger SF"]

1. e4 c5 2. Nc3 Nc6 3. f4 g6 4. Nf3 Bg7 5. Bb5 Nd4 6. O-O a6 7. Be2 e6 8. d3
Ne7 9. Nxd4 cxd4 10. Nb1 d5 11. Nd2 O-O 12. Nf3 b5 13. g4 Qb6 14. e5 f6 15.
exf6 Bxf6 16. Bd2 Qd6 17. Qe1 Nc6 18. Qg3 Bd7 19. h4 Qe7 20. g5 Bg7 21. Ne5
Nxe5 22. fxe5 Qc5 23. Rac1 Rxf1+ 24. Bxf1 Qc7 25. Bf4 b4 26. Bh3 Re8 27. Qe1
Rf8 28. Qg3 a5 29. Bg4 Bc8 30. Qh2 Qf7 31. Bg3 h6 32. Qd2 h5 33. Be2 Qc7 34.
Rf1 Bxe5 35. Rxf8+ Kxf8 36. Bxe5 Qxe5 37. Kg2 Ke7 38. a3 bxa3 39. bxa3 Qe3 40.
Qxe3 dxe3 41. Kf3 d4 42. Ke4 e5 43. Kxe5 Bg4 44. Kxd4 Bxe2 45. Kxe3 Bd1 46. c4
Kd6 47. Kd4 Be2 48. c5+ Kc6 49. Kc4 Bf1 50. Kd4 Kb5 51. Kd5 Bxd3 52. c6 Kb6 53.
Kd6 Be4 54. c7 Bf5 55. a4 Bg4 56. Kd5 Kxc7 57. Kc5 Be2 58. Kd5 Kb6 59. Kd4 Kc6
0-1

[Event "Open SSC Rostock 07"]
[Site "Rostock"]
[Date "2008.08.31"]
[Round "7.11"]
[White "Stutz, Reno"]
[Black "Hingst, Silke"]
[Result "0-1"]
[WhiteElo "2068"]
[BlackElo "1774"]
[PlyCount "75"]
[EventDate "2008.08.28"]
[EventType "swiss"]
[EventRounds "7"]
[EventCountry "GER"]
[Source "Th.Schwetlick"]
[SourceDate "2008.08.28"]
[WhiteTeam "ASV Gruen-Weiss Wismar"]
[BlackTeam "SSC Rostock 07"]

1. e4 e5 2. Nc3 Nc6 3. f4 exf4 4. d4 Qh4+ 5. g3 fxg3 6. Nf3 Qg4 7. Rg1 Bb4 8.
Rxg3 Qxe4+ 9. Be2 d5 10. Rxg7 Bg4 11. Rxf7 Nxd4 12. Rf4 Nxf3+ 13. Kf2 Bc5+ 14.
Kg3 Qe5 15. Bxf3 Bxf3 16. Qxf3 Qe1+ 17. Kh3 Ne7 18. Qh5+ Ng6 19. Qxd5 Nxf4+ 20.
Bxf4 Qe7 21. Qh5+ Kd7 22. Qd5+ Kc8 23. Rd1 Bd6 24. Bxd6 cxd6 25. Ne4 Rd8 26.
Nxd6+ Kb8 27. Rd3 Qd7+ 28. Kg3 Qg7+ 29. Kf2 Qf6+ 30. Ke2 Qe7+ 31. Kd2 Rf8 32.
Ne4 Qb4+ 33. Ke2 Re8 34. Rd4 Qe7 35. c4 Kc7 36. Qa5+ b6 37. Qa4 Red8 38. Rxd8 {
ZÜ} 0-1

[Event "Open SSC Rostock 07"]
[Site "Rostock"]
[Date "2008.08.31"]
[Round "7.12"]
[White "Kaulich, Philipp Theodor"]
[Black "Zoll, Detlef"]
[Result "1/2-1/2"]
[WhiteElo "1745"]
[BlackElo "2035"]
[PlyCount "24"]
[EventDate "2008.08.28"]
[EventType "swiss"]
[EventRounds "7"]
[EventCountry "GER"]
[Source "Th.Schwetlick"]
[SourceDate "2008.08.28"]
[WhiteTeam "SK Bebenhausen 1992"]
[BlackTeam "ESV 1949 Eberswalde"]

1. e4 e6 2. d4 d5 3. e5 c5 4. c3 Nc6 5. Nf3 Qb6 6. a3 c4 7. Nbd2 f6 8. Be2 fxe5
9. Nxe5 Nxe5 10. dxe5 Bc5 11. O-O Ne7 12. b4 cxb3 1/2-1/2

[Event "Open SSC Rostock 07"]
[Site "Rostock"]
[Date "2008.08.31"]
[Round "7.13"]
[White "Weber, Max"]
[Black "Hittinger, Immanuel"]
[Result "1-0"]
[WhiteElo "1614"]
[BlackElo "1941"]
[PlyCount "101"]
[EventDate "2008.08.28"]
[EventType "swiss"]
[EventRounds "7"]
[EventCountry "GER"]
[Source "Th.Schwetlick"]
[SourceDate "2008.08.28"]
[WhiteTeam "SSC Rostock 07"]
[BlackTeam "SK Bebenhausen 1992"]

1. e4 c6 2. d4 d5 3. Nc3 dxe4 4. Nxe4 Bf5 5. Ng3 Bg6 6. Nf3 Nd7 7. Bd3 Qc7 8.
Ne2 e6 9. Bf4 Bd6 10. Bxd6 Qxd6 11. Bxg6 hxg6 12. Qd3 Ngf6 13. c4 c5 14. Nc3
O-O 15. O-O Rfd8 16. Rad1 a6 17. b3 Nb6 18. Qe3 cxd4 19. Rxd4 Qc7 20. Rfd1 Rxd4
21. Qxd4 Rc8 22. Ne5 Re8 23. Ne2 Nc8 24. Nd7 Nd5 25. Ne5 Nf6 26. Nf4 Ne7 27.
Nd7 Nfd5 28. cxd5 Qxd7 29. dxe6 Qxd4 30. exf7+ Kxf7 31. Rxd4 Nd5 32. Kf1 Nf6
33. Rc4 Re7 34. Rc3 a5 35. Rg3 Re4 36. Nxg6 Rg4 37. Rxg4 Nxg4 38. h3 Nxf2 39.
Kxf2 Kxg6 40. Kf3 Kf5 41. h4 Ke5 42. g4 b5 43. a3 Kd4 44. h5 Kc3 45. g5 Kxb3
46. h6 gxh6 47. gxh6 Kxa3 48. h7 a4 49. h8=Q Ka2 50. Qc3 a3 51. Qb4 1-0

[Event "Open SSC Rostock 07"]
[Site "Rostock"]
[Date "2008.08.31"]
[Round "7.14"]
[White "Xu, Xianliang"]
[Black "Kornblum, Dittmar"]
[Result "1/2-1/2"]
[WhiteElo "1871"]
[BlackElo "1730"]
[PlyCount "56"]
[EventDate "2008.08.28"]
[EventType "swiss"]
[EventRounds "7"]
[EventCountry "GER"]
[Source "Th.Schwetlick"]
[SourceDate "2008.08.28"]
[WhiteTeam "SK Bebenhausen 1992"]
[BlackTeam "Doberaner SV 90"]

1. e4 e6 2. Nf3 d5 3. e5 c5 4. b4 c4 5. c3 Ne7 6. d4 cxd3 7. Bxd3 Ng6 8. O-O
Be7 9. Na3 Nc6 10. Re1 a6 11. Nc2 O-O 12. Bd2 Qc7 13. Qe2 Bd7 14. Ncd4 Rfe8 15.
Rac1 Rac8 16. Nxc6 Bxc6 17. Bg5 Qd8 18. Qd2 Nh4 19. Bxh4 Bxh4 20. Nxh4 Qxh4 21.
Re3 f5 22. Rce1 Qg5 23. Qe2 Rc7 24. Rg3 Qe7 25. Qh5 Qf7 26. Qg5 Qe7 27. Qh5 Qf7
28. Qg5 Qe7 1/2-1/2

[Event "Open SSC Rostock 07"]
[Site "Rostock"]
[Date "2008.08.31"]
[Round "7.15"]
[White "Raitza, Egon"]
[Black "Appel, Gerald"]
[Result "1-0"]
[WhiteElo "1869"]
[BlackElo "1722"]
[PlyCount "85"]
[EventDate "2008.08.28"]
[EventType "swiss"]
[EventRounds "7"]
[EventCountry "GER"]
[Source "Th.Schwetlick"]
[SourceDate "2008.08.28"]
[WhiteTeam "SSC Rostock 07"]
[BlackTeam "SV Motor Wolgast 1949"]

1. d4 Nf6 2. Nf3 g6 3. Nbd2 Bg7 4. e4 d6 5. Bd3 O-O 6. O-O c5 7. c3 Re8 8. Re1
cxd4 9. cxd4 Nc6 10. Nb3 a6 11. h3 Nd7 12. Be3 b6 13. Qd2 Bb7 14. Rac1 Rc8 15.
Rc2 e5 16. Rec1 Nxd4 17. Nbxd4 exd4 18. Rxc8 Bxc8 19. Nxd4 Ne5 20. Qc2 Nxd3 21.
Qxd3 Bb7 22. f3 Qd7 23. Bf4 Be5 24. Ne2 Bxb2 25. Rb1 Ba3 26. Nc3 Bc5+ 27. Kh1
Kg7 28. Nd5 Qa4 29. Nxb6 Qxa2 30. Nd5 Bxd5 31. exd5 Qf2 32. Rf1 Re1 33. Qc3+
Bd4 34. Qxe1 Qb2 35. Bxd6 Bc3 36. Qd1 a5 37. f4 a4 38. Be5+ Bxe5 39. fxe5 a3
40. Qa1 Qe2 41. e6+ Kf8 42. Rxf7+ Kg8 43. Qg7# 1-0

[Event "Open SSC Rostock 07"]
[Site "Rostock"]
[Date "2008.08.31"]
[Round "7.16"]
[White "Jaensch, Robert"]
[Black "Boehm, Matthias"]
[Result "0-1"]
[WhiteElo "1577"]
[BlackElo "1756"]
[PlyCount "62"]
[EventDate "2008.08.28"]
[EventType "swiss"]
[EventRounds "7"]
[EventCountry "GER"]
[Source "Th.Schwetlick"]
[SourceDate "2008.08.28"]
[WhiteTeam "SSC Rostock 07"]
[BlackTeam "HSG Uni Rostock"]

1. e4 c6 2. d4 d5 3. e5 Bf5 4. Nc3 e6 5. g4 Bg6 6. Nge2 f6 7. Nf4 Bf7 8. exf6
gxf6 9. Qe2 Qe7 10. g5 fxg5 11. Qe5 Nf6 12. Qxg5 Nbd7 13. Be3 Rg8 14. Qh4 e5
15. dxe5 Nxe5 16. O-O-O d4 17. Bxd4 Rg4 18. Qh3 Rxf4 19. Bxe5 Qxe5 20. Bc4 Be7
21. Bxf7+ Kxf7 22. Rhe1 Qg5 23. Qe6+ Kg6 24. Kb1 Bb4 25. f3 Re8 26. Qb3 Rxe1
27. Rxe1 Bxc3 28. Qxc3 Nd5 29. Qc5 Rxf3 30. Rg1 Nc3+ 31. bxc3 Rf1+ 0-1

[Event "Open SSC Rostock 07"]
[Site "Rostock"]
[Date "2008.08.31"]
[Round "7.18"]
[White "Hasenberg, Harald"]
[Black "Birnbaum, Wolf Dieter"]
[Result "0-1"]
[WhiteElo "1678"]
[BlackElo "2096"]
[PlyCount "55"]
[EventDate "2008.08.28"]
[EventType "swiss"]
[EventRounds "7"]
[EventCountry "GER"]
[Source "Th.Schwetlick"]
[SourceDate "2008.08.28"]
[WhiteTeam "SSC Rostock 07"]
[BlackTeam "SF Ostsee Warnemuende"]

1. d4 Nf6 2. c4 g6 3. Nc3 d5 4. g3 c6 5. Bg2 Bg7 6. Nf3 dxc4 7. Ne5 Be6 8. e4
O-O 9. O-O Nbd7 10. f4 Nxe5 11. fxe5 Bg4 12. Bf3 Bxf3 13. Rxf3 Nd7 14. Be3 c5
15. Qf1 cxd4 16. Bxd4 Nxe5 17. Bxe5 Bxe5 18. Qxc4 Qb6+ 19. Kh1 Qxb2 20. Raf1
Rac8 21. Qd5 Bxc3 22. Rxf7 Rxf7 23. Rxf7 Kh8 24. Qd7 Qc1+ 25. Kg2 Bf6 26. e5
Rc2+ 27. Kh3 Qf1+ 28. Kg4 0-1

[Event "Open SSC Rostock 07"]
[Site "Rostock"]
[Date "2008.08.31"]
[Round "7.21"]
[White "Lehmann, Torsten"]
[Black "Friedel, Roland"]
[Result "1/2-1/2"]
[WhiteElo "1970"]
[BlackElo "1487"]
[PlyCount "37"]
[EventDate "2008.08.28"]
[EventType "swiss"]
[EventRounds "7"]
[EventCountry "GER"]
[Source "Th.Schwetlick"]
[SourceDate "2008.08.28"]
[WhiteTeam "ESV 1949 Eberswalde"]
[BlackTeam "SF Drensteinfurt"]

1. e4 e6 2. d4 d5 3. exd5 exd5 4. c4 c6 5. Bd3 Nf6 6. Nc3 Be7 7. Nge2 Bg4 8. f3
Bh5 9. O-O O-O 10. Bf4 Nbd7 11. c5 Re8 12. b4 Nf8 13. a4 Bg6 14. Bxg6 Nxg6 15.
Bg3 Nd7 16. Qd3 Bh4 17. Rae1 Bxg3 18. hxg3 Qc7 19. Kf2 1/2-1/2

[Event "Open SSC Rostock 07"]
[Site "Rostock"]
[Date "2008.08.31"]
[Round "7.22"]
[White "Vladov, Mark"]
[Black "Celmer, Ole"]
[Result "0-1"]
[WhiteElo "1708"]
[BlackElo "1410"]
[PlyCount "78"]
[EventDate "2008.08.28"]
[EventType "swiss"]
[EventRounds "7"]
[EventCountry "GER"]
[Source "Th.Schwetlick"]
[SourceDate "2008.08.28"]
[WhiteTeam "SF Ostsee Warnemuende"]
[BlackTeam "SSC Rostock 07"]

1. Nf3 d5 2. c4 e6 3. g3 Nf6 4. Bg2 Bd6 5. O-O O-O 6. b3 Nc6 7. Bb2 Bd7 8. d4
Re8 9. Nbd2 e5 10. dxe5 Nxe5 11. Qc2 c6 12. Rad1 Nxf3+ 13. Nxf3 h6 14. h3 Be6
15. Nd4 dxc4 16. bxc4 Qc7 17. Kh2 Qe7 18. e4 Bc5 19. Nb3 Bb6 20. f4 Rad8 21. e5
Nh7 22. f5 Rxd1 23. Rxd1 Bc8 24. Re1 Bc7 25. Qe4 Qd7 26. e6 fxe6 27. Nc5 Qd6
28. Qg4 Re7 29. Nxe6 Bxe6 30. Rxe6 Qd7 31. Rxh6 Rf7 32. Rg6 Nf8 33. Rg5 Bd8 34.
Rh5 Nh7 35. Qg6 Nf8 36. Qg4 Qd6 37. c5 Qd2 38. Be5 Nd7 39. Qg6 Nxe5 0-1

[Event "Open SSC Rostock 07"]
[Site "Rostock"]
[Date "2008.08.31"]
[Round "7.24"]
[White "Hartmann, Andreas"]
[Black "Bezkorovaynyy, Mykola"]
[Result "0-1"]
[WhiteElo "1165"]
[BlackElo "1612"]
[PlyCount "76"]
[EventDate "2008.08.28"]
[EventType "swiss"]
[EventRounds "7"]
[EventCountry "GER"]
[Source "Th.Schwetlick"]
[SourceDate "2008.08.28"]
[WhiteTeam "SV Einheit Schwerin"]
[BlackTeam "ESV Rot-Weiss Goettingen"]

1. c4 c5 2. Nc3 b6 3. e4 Bb7 4. Bd3 e6 5. Qe2 Nc6 6. Nf3 Be7 7. Bc2 d6 8. O-O
Bf6 9. Ba4 Nge7 10. d3 O-O 11. Bd2 a6 12. Bxc6 Nxc6 13. a3 Qc7 14. Rab1 Rad8
15. Bf4 Nd4 16. Nxd4 cxd4 17. Na2 e5 18. Bg3 b5 19. b3 Bc8 20. h3 Be6 21. Bh2
Be7 22. Nb4 Rb8 23. Rfc1 bxc4 24. bxc4 Rb6 25. Rb3 Rfb8 26. Rcb1 h6 27. Nxa6
Rxb3 28. Nxc7 Rxb1+ 29. Qf1 Rxf1+ 30. Kxf1 Rb7 31. Nxe6 fxe6 32. f4 exf4 33.
Bxf4 e5 34. Bd2 Kf7 35. a4 Ke6 36. g4 Ra7 37. a5 Bd8 38. h4 Bxa5 0-1

[Event "Open SSC Rostock 07"]
[Site "Rostock"]
[Date "2008.08.31"]
[Round "7.25"]
[White "Bardosch, Konstantin"]
[Black "Pererva, Viktor"]
[Result "0-1"]
[WhiteElo "1203"]
[BlackElo "1486"]
[PlyCount "84"]
[EventDate "2008.08.28"]
[EventType "swiss"]
[EventRounds "7"]
[EventCountry "GER"]
[Source "Th.Schwetlick"]
[SourceDate "2008.08.28"]
[WhiteTeam "SSC Rostock 07"]
[BlackTeam "SSC Rostock 07"]

1. d4 d5 2. c4 c6 3. Nc3 Nf6 4. Nf3 e6 5. e3 Nbd7 6. Bd2 Be7 7. Qc2 dxc4 8.
Bxc4 b5 9. Bd3 Bb7 10. O-O Rc8 11. a4 b4 12. Na2 a5 13. b3 c5 14. Qd1 Qb6 15.
Nc1 Bxf3 16. Qxf3 cxd4 17. exd4 Qxd4 18. Ne2 Qd5 19. Qxd5 Nxd5 20. Rfc1 O-O 21.
Nd4 Bf6 22. Be3 Nc5 23. Bc4 Rfd8 24. Bxd5 Rxd5 25. Rc4 Rcd8 26. Re1 Nd3 27. Nc6
Nxe1 28. Nxd8 Rxd8 29. Bb6 Rb8 30. Bxa5 Nd3 31. Kf1 Bc3 32. Bc7 Ra8 33. Bd6 g6
34. g3 Rd8 35. Bc7 Rd5 36. a5 Rc5 37. a6 Rxc4 38. bxc4 Bd4 39. Ke2 Nxf2 40. Kd2
b3 41. Kc1 Ne4 42. Bb8 b2+ 0-1

[Event "Open SSC Rostock 07"]
[Site "Rostock"]
[Date "2008.08.31"]
[Round "7.26"]
[White "Schreiber, Felix"]
[Black "Bardosch, Karl Valentin"]
[Result "1/2-1/2"]
[WhiteElo "1292"]
[BlackElo "1183"]
[PlyCount "22"]
[EventDate "2008.08.28"]
[EventType "swiss"]
[EventRounds "7"]
[EventCountry "GER"]
[Source "Th.Schwetlick"]
[SourceDate "2008.08.28"]
[WhiteTeam "ASV Gruen-Weiss Wismar"]
[BlackTeam "SSC Rostock 07"]

1. d4 d5 2. Nf3 Nf6 3. Bf4 c6 4. c3 Nbd7 5. Nbd2 Qb6 6. Qc2 e6 7. e3 Be7 8. Be2
O-O 9. h3 c5 10. O-O Qc6 11. Rac1 a6 1/2-1/2

[Event "Open SSC Rostock 07"]
[Site "Rostock"]
[Date "2008.08.31"]
[Round "7.27"]
[White "Kirchner, Holger"]
[Black "Jaehn, Janis"]
[Result "0-1"]
[WhiteElo "1141"]
[BlackElo "1514"]
[PlyCount "88"]
[EventDate "2008.08.28"]
[EventType "swiss"]
[EventRounds "7"]
[EventCountry "GER"]
[Source "Th.Schwetlick"]
[SourceDate "2008.08.28"]
[WhiteTeam "Luebecker SV von 1873"]
[BlackTeam "SF Schwerin"]

1. Nc3 c5 2. Nf3 e6 3. e4 a6 4. d4 cxd4 5. Nxd4 d6 6. Nf3 Qc7 7. Be2 Nf6 8. O-O
Be7 9. h3 Nbd7 10. Bg5 b5 11. Bd3 Bb7 12. Qe2 O-O 13. a3 Nc5 14. Rfe1 Rfd8 15.
e5 dxe5 16. Nxe5 Nxd3 17. cxd3 Nd5 18. Bxe7 Qxe7 19. Nxd5 Rxd5 20. Nf3 Rad8 21.
Rad1 Qd6 22. Ne5 Rd4 23. f3 f6 24. Ng4 e5 25. Nxe5 Qxe5 26. Qxe5 fxe5 27. Re3
Kf7 28. Kf2 Kf6 29. Ke2 b4 30. axb4 Rxb4 31. Rd2 Rc8 32. Kf2 a5 33. Rde2 Rb5
34. d4 Re8 35. dxe5+ Rexe5 36. f4 Rxe3 37. Kxe3 Bd5 38. g4 a4 39. Kd4 Bb3 40.
g5+ Kf5 41. Re5+ Rxe5 42. fxe5 Kxg5 43. Ke4 Kh4 44. Kf4 Be6 0-1